书目信息 |
| 题名: |
导弹结构动力学
|
|
| 作者: | Гладкий , 格拉德基 著 ;詹世斌 译 | |
| 分册: | ||
| 出版信息: | 北京 国防工业出版社 1982 |
|
| 页数: | 460页 | |
| 开本: | 21cm | |
| 丛书名: | ||
| 单 册: | ||
| 中图分类: | TJ760.1 | |
| 科图分类: | ||
| 主题词: | 导弹-结构动力学 , 结构动力学-导弹 | |
| 电子资源: | ||
| ISBN: | ||
| 000 | 00972nam0 2200289 45 | |
| 001 | 0182010562 | |
| 005 | 20060909152527.92 | |
| 010 | @dCNY1.80 | |
| 091 | @a15034.2281 | |
| 100 | @a19950628d1982 em y0chiy0121 ea | |
| 101 | 1 | @achi@crus |
| 102 | @aCN@b110000 | |
| 105 | @ay z 000yy | |
| 200 | 10 | @a导弹结构动力学@Adao dan jie gou dong li xue@f(苏)格拉德基(В.Ф.Гладкий)著@g詹世斌译 |
| 210 | @a北京@c国防工业出版社@d1982 | |
| 215 | @a460页@d21cm | |
| 300 | @a书名原文:Динамика конструкции летательного аппарата | |
| 510 | 1 | @aДинамика конструкции летательного аппарата@zeng |
| 606 | @a导弹-结构动力学 | |
| 606 | @a结构动力学-导弹 | |
| 690 | @aTJ760.1@v3 | |
| 701 | A1 | @aГладкий@bВ.Ф.@4著 |
| 701 | 1 | @a格拉德基@Age la de ji@bВ.Ф.@4著 |
| 702 | 0 | @a詹世斌@Azhan shi bin@4译 |
| 801 | 2 | @aCN@bNLC@c20060909 |
| 801 | 0 | @aCN@bTSSF |
| 905 | @a10447@dTJ760.1@e7 | |
| 导弹结构动力学/(苏)格拉德基(В.Ф.Гладкий)著/詹世斌译.-北京:国防工业出版社,1982 |
| 460页;21cm |
| 书名原文:Динамика конструкции летательного аппарата |
| ISBN :CNY1.80 |
| ● |
| 相关链接 |
|
|
|
|
正题名:导弹结构动力学
索取号:TJ760.1/7
 
预约/预借
| 序号 | 登录号 | 条形码 | 馆藏地/架位号 | 状态 | 备注 |
| 1 | 0470483 | 204704837 | 密集书库/ [索取号:TJ760.1/7] | 在馆 |